000 00556nam a22002177a 4500
003 UA-OsUOA
001 49537
007 ta
008 20071009b un ||||| |||| 00| 0 ukr d
100 _aДубов В.
090 _a94(477)
_bД-12
942 _cSA
040 _aUA-OsUOA
_bukr
_cUA-OsUOA
_dUA-OsUOA
245 _aГенеральний писар УНР/ Христюк П.О.
300 _aС.11
955 _a0
041 _aukr
080 _a94(477)
773 0 _w49536
650 7 _a9 Географія. Біографії. Історія
_2UDC
999 _c335642
_d335642